000
00478nam a2200145Ia 4500
008
151213s9999 xx 000 0 und d
100
_a
আব্দশ শাকুর
245
_a
ক্ষীয়মান
_c
আব্দশ শাকুর
260
_a
ঢাকা
_b
আহমুদ পাবলিশিং
_c
1982
300
_a
7316 p.
650
_a
Bangla
650
_a
বাংলা সাহিত্য
700
_a
আব্দশ শাকুর
999
_c
3886
_d
3886